000 00321nam a2200121Ia 4500
008 241028s9999 xx 000 0 und d
041 _aeng
082 _a658.421 MAR
100 _aJaycee Martin
245 _aEntrepreneurial Policy Reforms And Strategies
260 _bWillford Press
_aUSA
_c2023
300 _a167;. P. 23 cm
999 _c42940
_d42940